00936nam a2200229 a 4500001001000000003000400010005001700014008004100031040002500072082002300097245009800120260004600218300002000264590002700284650005900311651004700370700003700417910003700454942001400491952018400505999001700689000032944OSt20201123140238.0110804s1922 dr r 000 0 spa d aDO-SdBNPbspacBNPHU 4a917.293bD598c22200aDirectorio de la ciudad de Santo Domingo :beditado a iniciativa del Sr. Armando Gil Pumarol  aSanto Domingo :bImp. El progreso,c1922. a34 p. ;c22 cm. aInventariado, 2018/ YL 4aAlmanaques españoleszRepública Dominicana 977372 4aRepública Dominicana vDirectorios9165012aGil Pumarol, Armandoeed.958690 aValidado. Control de calidad MFF 2ddccLBS1 00102ddc51718RVaPDbPDcHDd2011-08-04iLF1l0o917.7293 D598cp32944-10r2020-06-25w2020-06-25y1zPerteneció a la biblioteca personal de Carlos Larrazábal Blanco. c32435d32435